|
|
|
|
| LEADER |
01004nam a2200325 4500 |
| 001 |
DLU120133702 |
| 005 |
##20120413 |
| 040 |
# |
# |
|a DLU
|b vie
|
| 041 |
# |
# |
|a vie
|
| 044 |
# |
# |
|a vn
|
| 082 |
# |
# |
|a 372.112
|b Kyy
|
| 245 |
# |
# |
|a Kỷ yếu hội thảo khoa học dạy học theo môđun và vấn đề đổi mới phương pháp dạy học trong quá trình đào tạo giáo viên tiểu học ở các trường Đại học, Cao đẳng Sư phạm.
|
| 260 |
# |
# |
|a Vinh :
|b [Trường Đại học Vinh],
|c 2007.
|
| 300 |
# |
# |
|a 144 tr. ;
|c 29 cm.
|
| 490 |
# |
# |
|a Dự án phát triển giáo viên tiểu học
|
| 650 |
# |
# |
|a Giáo dục
|x Đánh giá
|z Việt Nam.
|
| 650 |
# |
# |
|a Giáo dục
|x Phương pháp luận
|z Việt Nam.
|
| 923 |
# |
# |
|a 01/2012SP
|
| 991 |
# |
# |
|a SH
|
| 992 |
# |
# |
|a 0
|
| 993 |
# |
# |
|a 2007
|
| 994 |
# |
# |
|a KSP
|
| 998 |
# |
# |
|a KY
|
| 900 |
# |
# |
|a True
|
| 911 |
# |
# |
|a Nguyễn Thanh Hương
|
| 925 |
# |
# |
|a G
|
| 926 |
# |
# |
|a A
|
| 927 |
# |
# |
|a SH
|
| 980 |
# |
# |
|a Thư viện Trường Đại học Đà Lạt
|